Science Quiz

Random Science or Biology Quiz

Click a Flightless Bird Quiz Stats

 Plays Quiz Updated Mar 21, 2019

Score 0/12 Timer 03:00
0 Plays Today
% Correct
Common Ostrich
93.1%
Kiwi
89.3%
Emperor Penguin
87.4%
Macaroni Penguin
86.8%
Kakapo
79.6%
Steamer Duck
73.2%
Weka (Woodhen)
72.6%
Southern Cassowary
70.1%
Flightless Cormorant
69.7%
Greater Rhea
63.9%
Giant Coot
60.1%
Titicaca Grebe
57%

You're not logged in!

Compare scores with friends on all Sporcle quizzes.
OR
Log In

Sporcle TV

Today on Sporcle TV


Watch our educational content, quiz creation guides, and fun videos on Sporcle TV.

Show Comments

Extras

Top Quizzes Today


Score Distribution

Your Account Isn't Verified!

In order to create a playlist on Sporcle, you need to verify the email address you used during registration. Go to your Sporcle Settings to finish the process.

Report this User

Report this user for behavior that violates our Community Guidelines.

Details: